| 000 | 00843nam a2200253Ia 4500 | ||
|---|---|---|---|
| 003 | OSt | ||
| 005 | 20250819112951.0 | ||
| 008 | 220923b |||||||| |||| 00| 0 eng d | ||
| 037 | _cReference | ||
| 040 |
_aRTL _cRTL _beng |
||
| 041 |
_2eng _aeng |
||
| 084 |
_aB7:3 K2/SC _qRTL |
||
| 100 |
_aPontriyagin, L. S. _9818093 |
||
| 245 | 0 | _aThe mathematical theory of optimal processes | |
| 260 |
_aNew York _bJohn wiley & Sons Inc. _c1962 |
||
| 300 |
_aviii, 360 p. _bIncludes bibliographical reference and index |
||
| 650 |
_aMathematical optimization _9725587 |
||
| 650 | _aMathematics | ||
| 700 |
_aBoltyanskii, V.G. _eCo-author _9818094 |
||
| 700 |
_aGamkrelidze, R. V. _eCo-author _9818095 |
||
| 700 |
_aMishchenko, E. F. _eCo-author _9818096 |
||
| 942 |
_hB7:3 K2/SC _cREF _2CC _n0 |
||
| 999 |
_c626779 _d626779 |
||